| 000 | 00865na a2200277 4500 | ||
|---|---|---|---|
| 001 | 17419 | ||
| 003 | MIRAKIL | ||
| 005 | 20181213154910.0 | ||
| 008 | 161024b tu 000 0 | ||
| 020 | _a9789944252072 | ||
| 040 |
_aMilas _btur _cTR-AnCHP |
||
| 041 | _atur | ||
| 082 |
_a378.561 _bT96 2007 |
||
| 090 | _a378.561 T96 2007 | ||
| 245 |
_aTürkiye'de üniversite anlayışının gelişimi (1861-1961) _cEditörler Namık Kemal Aras, Emre Dölen, Osman Bahadır |
||
| 260 |
_aAnkara _bTürkiye Bilimler Akademisi Yayınları _c2007 |
||
| 300 |
_a556 s. _bfotg. ; tbl. _c23 sm |
||
| 490 |
_aTürkiye Bilimler Akademisi yayınları _v15 |
||
| 650 |
_aYüksek öğretim _zTürkiye |
||
| 650 |
_aEğitim _xTarih |
||
| 650 |
_aEğitim _zTürkiye |
||
| 700 | _aDölen, Emre | ||
| 700 | _aBahadır, Osman | ||
| 700 | _aAras, Namık K. | ||
| 942 |
_2dcc _cBKS |
||
| 999 |
_c2808 _d2808 |
||